|
|
|
|
| LEADER |
01371nam a2200289 a 4500 |
| 001 |
900196 |
| 008 |
090518s1981 dcua b 100 0 eng d |
| 010 |
|
|
|a 81069895
|
| 020 |
|
|
|a 0941696006
|
| 040 |
|
|
|a DLC
|c DLC
|d DLC
|
| 082 |
0 |
0 |
|a 362.1/98/0091724
|2 19
|
| 245 |
0 |
0 |
|a Health needs of the world's poor women /
|c edited by Patricia W. Blair ; based on the proceedings of the International Symposium on Women and Their Health, sponsored by Equity Policy Center and held June 8-11, 1980, in Port Deposit, Maryland.
|
| 260 |
|
|
|a Washington, D.C. :
|b EPOC,
|c c1981.
|
| 300 |
|
|
|a xii, 205 p. :
|b ill. ;
|c 28 cm.
|
| 504 |
|
|
|a Includes bibliographies.
|
| 541 |
1 |
|
|e 00001582
|
| 650 |
|
0 |
|a Poor women
|x Health and hygiene
|x Congresses.
|
| 650 |
|
0 |
|a Women's health services
|x Congresses.
|
| 650 |
|
0 |
|a Poor
|x Health and hygiene
|x Congresses.
|
| 650 |
|
0 |
|a Women
|x Health and hygiene
|z Developing countries
|x Congresses.
|
| 650 |
|
0 |
|a Women in medicine
|x Congresses.
|
| 700 |
1 |
|
|a Blair, Patricia Wohlgemuth.
|
| 711 |
2 |
|
|a International Symposium on Women and Their Health
|d (1980 :
|c Port Deposit, Md.)
|
| 710 |
2 |
|
|a Equity Policy Center (U.S.)
|
| 852 |
4 |
|
|a <add your library>
|j <shelf mark>
|
| 999 |
|
|
|c 785
|d 785
|
| 952 |
|
|
|0 0
|1 0
|2 ddc
|4 0
|6 362_198009172400000_HEA_1981
|7 0
|8 NFIC
|9 724
|a BRACUL
|b BRACUL
|c GEN
|d 2009-05-18
|g 1645.00
|l 0
|o 362.1980091724 HEA
|p 3010001582
|r 2009-05-18
|t 1
|w 2009-05-18
|y BK
|